A study of the factories leading to under achievement in the acquisition of expressive skills in malayalam among the pupils of Std VIII (Record no. 44667)

000 -LEADER
fixed length control field 00541nam a22001691a 4500
020 ## - INTERNATIONAL STANDARD BOOK NUMBER
Terms of availability 0.00
040 ## - CATALOGING SOURCE
Original cataloging agency SSUS - Library - Kalady
082 ## - DEWEY DECIMAL CLASSIFICATION NUMBER
Classification number MED 371.262 THA/STU
100 ## - MAIN ENTRY--PERSONAL NAME
Personal name Thankachan T
245 ## - TITLE STATEMENT
Title A study of the factories leading to under achievement in the acquisition of expressive skills in malayalam among the pupils of Std VIII
Medium [MED]
260 ## - PUBLICATION, DISTRIBUTION, ETC.
Date of publication, distribution, etc. 1997
300 ## - PHYSICAL DESCRIPTION
Extent 100p.
600 ## - SUBJECT ADDED ENTRY--PERSONAL NAME
Personal name Achievement Malayalam 8th Standard
600 ## - SUBJECT ADDED ENTRY--PERSONAL NAME
Personal name MED thesis
852 ## - LOCATION
-- 0.00
--
942 ## - ADDED ENTRY ELEMENTS (KOHA)
Koha item type Reference
Holdings
Withdrawn status Lost status Source of classification or shelving scheme Damaged status Not for loan Permanent Location Current Location Shelving location Date acquired Cost, normal purchase price Total Checkouts Full call number Barcode Date last seen Cost, replacement price Price effective from Koha item type
          Sree Sankaracharya University of Sanskrit Sree Sankaracharya University of Sanskrit Reference 08.01.2015 0.00   R MED 371.262 THA 0377 19.02.2021 0.00 08.01.2015 PG Dissertation